Normal view
MARC view
Entry Personal Name
001 - CONTROL NUMBER
- control field: 1238373
003 - CONTROL NUMBER IDENTIFIER
- control field: OSt
005 - DATE AND TIME OF LATEST TRANSACTION
- control field: 20260430150821.0
008 - FIXED-LENGTH DATA ELEMENTS
- fixed length control field: 260430|| aca||aabn | a|a d
040 ## - CATALOGING SOURCE
- Original cataloging agency: OSt
- Transcribing agency: OSt
100 ## - HEADING--PERSONAL NAME
- Personal name: ਦਿੱਲੀ ਯੂਨੀਵਰਸਿਟੀH ਆਰਟਸ ਖ਼ੈਕਲਟੀH ਪੰਜਾਬੀ ਵਿਭਾਗ
670 ## - SOURCE DATA FOUND
- Source citation: Work cat.: (OSt)1850918: ਸਿੰਘ, ਰੇFਮ, ਂਚ। 864758, ਵੇਦਾਂਤ ਪਰੰਪਰਾ ਅਤੇ ਗੁਰਮਤਿ ਕਾਵਿ: ਅੰਤਜ ਸੰਵਾਦ, 2022
